Mechanika zemin a zakládání staveb /

Hlavní autor: Šimek, Jiří, 1928-1986
Další autoři: Holoušová, Taťana, 1961-
Jazyk: Čeština
Vydáno: Praha : České vysoké učení technické, 1992
Vydání: 1. vyd.
Edice: Učební texty vysokých škol
Témata:
Fyzický popis: 193 s.
Knihy
Uloženo v:
LEADER 01133nam a22003132a 4500
001 000160798
003 CZ BrMZK
005 20080311093446.0
007 ta
008 950101s1992 xr f cze d
040 |a BOA001  |b cze 
080 9 |a 624.15(075.8) 
080 9 |a 624.131(075.8) 
080 9 |a 378.662 
100 1 |a Šimek, Jiří,  |d 1928-1986  |7 jk01130026  |4 aut 
245 1 0 |a Mechanika zemin a zakládání staveb /  |c Jiří Šimek, Taťana Holoušová 
250 |a 1. vyd. 
260 |a Praha :  |b České vysoké učení technické,  |c 1992 
300 |a 193 s. 
490 1 |a Učební texty vysokých škol 
504 |a Obsahuje bibliografii 
700 1 |a Holoušová, Taťana,  |d 1961-  |7 ntka172599  |4 aut 
810 2 |a České vysoké učení technické v Praze.  |t Učební texty  |0 s 
910 |a BOA001  |b 4-0976.508 
964 |a Zeminy - mechanika - stavby - zakládání - učebnice - školy vysoké 
964 |a Stavby - zakládání - zeminy - mechanika - učebnice - školy vysoké 
990 |a BK 
991 |b 200803 
996 6 |b 2619951713  |c 4-0976.508  |l MZK  |r Sklad / do 1 hodiny  |n 16  |w 000160798  |u 000010  |a 1  |e BOA001  |j MZK50  |s P